Online Catalogue and eLibrary

Sunthariyin Mukangal (Record no. 4254)

MARC details
000 -LEADER
fixed length control field 00503nam a2200157Ia 4500
005 - DATE AND TIME OF LATEST TRANSACTION
control field 20250310010957.0
008 - FIXED-LENGTH DATA ELEMENTS--GENERAL INFORMATION
fixed length control field 240331s9999 xx 000 0 und d
082 ## - DDC Classification
Item Number - Author Mark YOG
DDC Edition Number 3291
Class No. 894.811
100 ## - MAIN ENTRY--PERSONAL NAME
Personal name Yoganathan, C
245 #0 - TITLE STATEMENT
Title Sunthariyin Mukangal
250 ## - EDITION STATEMENT
Edition statement 2nd Edition
260 ## - PUBLICATION, DISTRIBUTION, ETC.
Place of publication, distribution, etc. Chennai,
Name of publisher, distributor, etc. Satyabarathi Pathippagam
Date of publication, distribution, etc. 1994
300 ## - PHYSICAL DESCRIPTION
Extent (e.g. Volumes, Pages etc.) 176 p.,
500 ## - GENERAL NOTE
General note A novel that won multiple prizes and has been praised for being a collection of the best short stories published in Tamil
942 ## - Koha item type (Biblio)
Koha item type Books in Stacks (Lending)
Holdings
Lost status Damaged status Collection code Home library Current library Shelving location Date acquired Full call number Accession Number Item type
    Lending WERC Library WERC Library Social Science Cupboard 03/31/2024 894.811 YOG 3291 Books in Stacks (Lending)

© WERC Library